Name the Maryland City - Statistics

General Stats
  • This quiz has been taken 30 times
  • The average score is 5 of 10
Answer Stats
Picture Answer % Correct
Baltimore
100%
Ocean City
88%
Washington D.C.
80%
Annapolis
68%
Frederick
36%
Gaithersburg
28%
Cumberland
24%
Hagerstown
24%
Saint Marys City
8%
Westminster
8%
No matching quizzes found
Score Distribution
Percent of People with Each Score
Percentile by Number Answered
Your Score History
You have not taken this quiz